|
|
|
|
| LEADER |
01226cam a2200325Ia 4500 |
| 001 |
9780203403440 |
| 003 |
FlBoTFG |
| 005 |
20091230162920.0 |
| 006 |
a|||||s||||||||||| |
| 007 |
cr|||| |
| 008 |
960313s1997 enkb sb 001 0beng d |
| 020 |
|
|
|a 9780203403440 (e-book : PDF)
|
| 040 |
|
|
|a FlBoTFG
|c FlBoTFG
|d GrThAP
|
| 043 |
|
|
|a e-gr---
|
| 090 |
|
|
|a DF237.A6
|b G33 1997
|
| 092 |
|
|
|a 938.108092
|b G112
|
| 100 |
1 |
|
|a Gabbert, Janice J.,
|d 1940-
|
| 245 |
1 |
0 |
|a Antigonus II Gonatas
|h [electronic resource] :
|b a political biography /
|c Janice J. Gabbert.
|
| 260 |
|
|
|a London ;
|a New York :
|b Routledge,
|c 1997.
|
| 300 |
|
|
|a viii, 188 p. :
|b map.
|
| 504 |
|
|
|a Includes bibliographical references (p. 80-86) and index.
|
| 530 |
|
|
|a Also available in print edition.
|b CRC Press (http://www.crcpress.com)
|
| 538 |
|
|
|a Mode of access: World Wide Web.
|
| 600 |
0 |
0 |
|a Antigonus
|b II,
|c King of Macedonia,
|d 319-239 B.C.
|
| 651 |
|
0 |
|a Macedonia
|x Kings and rulers
|v Biography.
|
| 651 |
|
0 |
|a Macedonia
|x History
|y To 168 B.C.
|
| 651 |
|
0 |
|a Greece
|x History
|y Macedonian Hegemony, 323-281 B.C.
|
| 655 |
|
7 |
|a Electronic books.
|2 lcsh
|
| 776 |
1 |
|
|z 9780415018999
|
| 856 |
4 |
0 |
|u http://www.tandfebooks.com/isbn/9780203403440
|z Full Text via HEAL-Link
|